000
00221nam a22000857a 4500
008
160712b xxu||||| |||| 00| 0 eng d
100
_9
2709
_a
Singh L
245
_a
Mathematics-VII
260
_a
New Delhi
_b
Dhanpat Publication
_c
2012
999
_c
2352
_d
2352